00650nam a2200217 a 450000100060000000300090000600800410001502000160005604000280007208200170010010000200011724500810013726000310021830000110024949000280026050000360028865000290032465000280035365000260038165000250040719848CO-ViMGA141112s2004 ck r 000 u spa d a95804599991 aCO-ViMGAbspacCO-ViMGA04a327.86 T341g1 aTokatlian, Juan10aGlobalización, Narcotráfico y Violencia : bsiete ensayos sobre Colombia aBogotá : bNorma, c2000 a314 p. aBiografias y documentos aPrólogo de Raul Alfonsín. 14aGLOBALIZACION - COLOMBIA14aNARCOTRAFICO - COLOMBIA14aPolítica - COLOMBIA14aVIOLENCIA - COLOMBIA